| 000 | | | 03634nac2a22002533x 450 |
| 001 | | | 033c6ab0-470f-48fc-b518-471f68fbb24f |
| 005 | | | 20220701143946.0 |
| 100 | ## | $a | 20220622l19031903k y0rusy50 ca |
| 101 | 0# | $a | ger |
| 102 | ## | $a | RU |
| 105 | ## | $a | y z |||e| |
| 122 | 2# | $a | d19030721 |
| | $a | d19031028 |
| 200 | 1# | $a | Письма Вольфарта |
| | $j | 21 июля 1903 - 28 октября 1903 |
| 215 | ## | $a | 10 листов |
| 251 | ## | $c | Дело |
| 300 | ## | $a | Текст на немецком языке |
| 300 | ## | $a | Рукописный и типографский текст |
| 461 | #0 | $1 | 00146f31c0b-2482-4a55-a7be-cfce92df5576 |
| | $1 | 2001 |
| | $a | Энгельгардт Василий Павлович, барон, астроном, музыкант, собиратель материалов о А. В. Суворове |
| | $1 | 251 |
| | $c | Фонд |
| | $1 | 852 |
| | $j | 1824 |
| 462 | #0 | $1 | 0017889321c-552f-4516-aff1-d25a6bed3147 |
| | $1 | 2001 |
| | $a | Дела постоянного хранения. 1898-1912 гг. |
| | $v | Д. 13 |
| | $1 | 251 |
| | $c | Опись |
| | $1 | 852 |
| | $j | 1 |
| 600 | #1 | $a | Энгельгардт |
| | $b | В. П. |
| | $c | барон |
| | $g | Василий Павлович |
| 600 | #1 | $a | Вольфарт |
| 801 | #0 | $a | RU |
| | $b | GA_RF |
| 801 | #1 | $a | RU |
| | $b | ГлавНИВЦ |
| | $c | 20220622 |
| | $2 | rusmarc |
| 801 | #2 | $a | RU |
| | $b | ПБ им. Б.Н. Ельцина |
| | $c | 20220701 |
| | $g | RCR |
| | $2 | rusmarc |
| 852 | ## | $a | ГА РФ |
| | $j | 13 |
| 937 | ## | $d | 176997196 |
| | $h | ГАРФ |
| 035 | ## | $a | RuPRLIB51067814 |
| 856 | ## | $u | http://readingroom.main.prlib.ru/item.aspx?id_node=n176997196&mode=full |